Normal view
MARC view
Entry Personal Name
001 - CONTROL NUMBER
- control field: 875059
003 - CONTROL NUMBER IDENTIFIER
- control field: OSt
005 - DATE AND TIME OF LATEST TRANSACTION
- control field: 20260114185835.0
008 - FIXED-LENGTH DATA ELEMENTS
- fixed length control field: 260114|| aca||aabn | a|a d
040 ## - CATALOGING SOURCE
- Original cataloging agency: OSt
- Transcribing agency: OSt
100 ## - HEADING--PERSONAL NAME
- Personal name: Ulrika M†rtensson, Jennifer Bailey, Priscilla Ringrose and Asbj›rn Dyrendal
670 ## - SOURCE DATA FOUND
- Source citation: Work cat.: (OSt)1473993: Ulrika M†rtensson, Jennifer Bailey, Priscilla Ringrose and Asbj›rn Dyrendal, Fundamentalism in the Modern World Vol 2 Fundamentalism and Communication: Culture, Media and the Public Sphere, 2011
